| 000 | 00455nam a22001457a 4500 | ||
|---|---|---|---|
| 005 | 20260415124117.0 | ||
| 008 | 260415b |||||||| |||| 00| 0 eng d | ||
| 020 | _a978-007-127238-4 | ||
| 100 | _aAlexander K. Charles, Sadiku O. N. Matthew | ||
| 245 |
_aFundamentals of Electric Circuits; _c/Charles and Matthew |
||
| 250 | _a4th Edition | ||
| 260 |
_aNew York _bMc Graw- Hill Companies. Inc.; _c2009 |
||
| 300 |
_axxviii;901p.ill; _c25cm |
||
| 942 |
_2lcc _n0 _cBK |
||
| 999 |
_c224 _d224 |
||